<?xml version="1.0" encoding="UTF-8"?><?xml-stylesheet type="text/xsl" href="static/style.xsl"?><OAI-PMH xmlns="http://www.openarchives.org/OAI/2.0/" xmlns:xsi="http://www.w3.org/2001/XMLSchema-instance" xsi:schemaLocation="http://www.openarchives.org/OAI/2.0/ http://www.openarchives.org/OAI/2.0/OAI-PMH.xsd"><responseDate>2026-04-17T21:00:36Z</responseDate><request verb="GetRecord" identifier="oai:www.recercat.cat:11351/11962" metadataPrefix="marc">https://recercat.cat/oai/request</request><GetRecord><record><header><identifier>oai:recercat.cat:11351/11962</identifier><datestamp>2025-10-24T10:28:43Z</datestamp><setSpec>com_2072_378070</setSpec><setSpec>com_2072_378040</setSpec><setSpec>col_2072_378092</setSpec></header><metadata><record xmlns="http://www.loc.gov/MARC21/slim" xmlns:dcterms="http://purl.org/dc/terms/" xmlns:xsi="http://www.w3.org/2001/XMLSchema-instance" xmlns:doc="http://www.lyncode.com/xoai" xsi:schemaLocation="http://www.loc.gov/MARC21/slim http://www.loc.gov/standards/marcxml/schema/MARC21slim.xsd">
   <leader>00925njm 22002777a 4500</leader>
   <datafield ind2=" " ind1=" " tag="042">
      <subfield code="a">dc</subfield>
   </datafield>
   <datafield ind2=" " ind1=" " tag="720">
      <subfield code="a">piccoli, micaela</subfield>
      <subfield code="e">author</subfield>
   </datafield>
   <datafield ind2=" " ind1=" " tag="720">
      <subfield code="a">Alfieri, Sergio</subfield>
      <subfield code="e">author</subfield>
   </datafield>
   <datafield ind2=" " ind1=" " tag="720">
      <subfield code="a">AISONI, FILIPPO</subfield>
      <subfield code="e">author</subfield>
   </datafield>
   <datafield ind2=" " ind1=" " tag="720">
      <subfield code="a">de'Angelis, Nicola</subfield>
      <subfield code="e">author</subfield>
   </datafield>
   <datafield ind2=" " ind1=" " tag="720">
      <subfield code="a">Schena, Carlo Alberto</subfield>
      <subfield code="e">author</subfield>
   </datafield>
   <datafield ind2=" " ind1=" " tag="720">
      <subfield code="a">Espin-Basany, Eloy</subfield>
      <subfield code="e">author</subfield>
   </datafield>
   <datafield ind2=" " ind1=" " tag="260">
      <subfield code="c">2024-09-25T09:53:24Z</subfield>
   </datafield>
   <datafield ind2=" " ind1=" " tag="260">
      <subfield code="c">2024-09-25T09:53:24Z</subfield>
   </datafield>
   <datafield ind2=" " ind1=" " tag="260">
      <subfield code="c">2024-08</subfield>
   </datafield>
   <datafield ind2=" " ind1=" " tag="520">
      <subfield code="a">Minimally invasive surgery; Right colon cancer; Robotic surgery</subfield>
   </datafield>
   <datafield ind2=" " ind1=" " tag="520">
      <subfield code="a">Cirurgia mínimament invasiva; Càncer de còlon dret; Cirurgia robòtica</subfield>
   </datafield>
   <datafield ind2=" " ind1=" " tag="520">
      <subfield code="a">Cirugía mínimamente invasiva; Cáncer de colon derecho; Cirugía robótica</subfield>
   </datafield>
   <datafield ind2=" " ind1=" " tag="520">
      <subfield code="a">Aim&#xd;
Minimally invasive surgery has been increasingly adopted for locally advanced colon cancer. However, evidence comparing robotic (RRC) versus laparoscopic right colectomy (LRC) for nonmetastatic pT4 cancers is lacking.&#xd;
Methods&#xd;
This was a multicentre propensity score-matched (PSM) study of a cohort of consecutive patients with pT4 right colon cancer treated with RRC or LRC. The two surgical approaches were compared in terms of R0, number of lymph nodes harvested, intra- and postoperative complication rates, overall (OS), and disease-free survival (DFS).&#xd;
Results&#xd;
Among a total of 200 patients, 39 RRC were compared with 78 PS-matched LRC patients. The R0 rate was similar between RRC and LRC (92.3% vs. 96.2%, respectively; p = 0.399), as was the odds of retrieving 12 or more lymph nodes (97.4% vs. 96.2%; p = 1). No significant difference was noted for the mean operating time (192.9 min vs. 198.3 min; p = 0.750). However, RRC was associated with fewer conversions to laparotomy (5.1% vs. 20.5%; p = 0.032), less blood loss (36.9 vs. 95.2 mL; p &lt; 0.0001), fewer postoperative complications (17.9% vs. 41%; p = 0.013), a shorter time to flatus (2 vs. 2.8 days; p = 0.009), and a shorter hospital stay (6.4 vs. 9.5 days; p &lt; 0.0001) compared with LRC. These results were confirmed even when converted procedures were excluded from the analysis. The 1-, 3- and 5-year OS (p = 0.757) and DFS (p = 0.321) did not significantly differ between RRC and LRC.&#xd;
Conclusion&#xd;
Adequate oncological outcomes are observed for RRC and LRC performed for pT4 right colon cancer. However, RRC is associated with lower conversion rates and improved short-term postoperative outcomes.</subfield>
   </datafield>
   <datafield ind1="8" ind2=" " tag="024">
      <subfield code="a">http://hdl.handle.net/11351/11962</subfield>
   </datafield>
   <datafield tag="653" ind2=" " ind1=" ">
      <subfield code="a">Robòtica en medicina</subfield>
   </datafield>
   <datafield tag="653" ind2=" " ind1=" ">
      <subfield code="a">Còlon - Càncer - Cirurgia</subfield>
   </datafield>
   <datafield tag="653" ind2=" " ind1=" ">
      <subfield code="a">Cirurgia laparoscòpica</subfield>
   </datafield>
   <datafield tag="653" ind2=" " ind1=" ">
      <subfield code="a">Extirpació (Cirurgia)</subfield>
   </datafield>
   <datafield tag="653" ind2=" " ind1=" ">
      <subfield code="a">DISEASES::Neoplasms::Neoplasms by Site::Digestive System Neoplasms::Gastrointestinal Neoplasms::Intestinal Neoplasms::Colorectal Neoplasms::Colonic Neoplasms</subfield>
   </datafield>
   <datafield tag="653" ind2=" " ind1=" ">
      <subfield code="a">Other subheadings::Other subheadings::Other subheadings::/surgery</subfield>
   </datafield>
   <datafield tag="653" ind2=" " ind1=" ">
      <subfield code="a">ANALYTICAL, DIAGNOSTIC AND THERAPEUTIC TECHNIQUES, AND EQUIPMENT::Surgical Procedures, Operative::Digestive System Surgical Procedures::Colectomy</subfield>
   </datafield>
   <datafield tag="653" ind2=" " ind1=" ">
      <subfield code="a">ANALYTICAL, DIAGNOSTIC AND THERAPEUTIC TECHNIQUES, AND EQUIPMENT::Diagnosis::Diagnostic Techniques and Procedures::Diagnostic Techniques, Surgical::Endoscopy::Laparoscopy</subfield>
   </datafield>
   <datafield tag="653" ind2=" " ind1=" ">
      <subfield code="a">ANALYTICAL, DIAGNOSTIC AND THERAPEUTIC TECHNIQUES, AND EQUIPMENT::Therapeutics::Therapy, Computer-Assisted::Surgery, Computer-Assisted::Robotic Surgical Procedures</subfield>
   </datafield>
   <datafield tag="653" ind2=" " ind1=" ">
      <subfield code="a">ENFERMEDADES::neoplasias::neoplasias por localización::neoplasias del sistema digestivo::neoplasias gastrointestinales::neoplasias intestinales::neoplasias colorrectales::neoplasias del colon</subfield>
   </datafield>
   <datafield tag="653" ind2=" " ind1=" ">
      <subfield code="a">Otros calificadores::Otros calificadores::Otros calificadores::/cirugía</subfield>
   </datafield>
   <datafield tag="653" ind2=" " ind1=" ">
      <subfield code="a">TÉCNICAS Y EQUIPOS ANALÍTICOS, DIAGNÓSTICOS Y TERAPÉUTICOS::intervenciones quirúrgicas::procedimientos quirúrgicos del sistema digestivo::colectomía</subfield>
   </datafield>
   <datafield tag="653" ind2=" " ind1=" ">
      <subfield code="a">TÉCNICAS Y EQUIPOS ANALÍTICOS, DIAGNÓSTICOS Y TERAPÉUTICOS::diagnóstico::técnicas y procedimientos diagnósticos::técnicas diagnósticas quirúrgicas::endoscopia::laparoscopia</subfield>
   </datafield>
   <datafield tag="653" ind2=" " ind1=" ">
      <subfield code="a">TÉCNICAS Y EQUIPOS ANALÍTICOS, DIAGNÓSTICOS Y TERAPÉUTICOS::terapéutica::tratamiento asistido por ordenador::cirugía asistida por ordenador::procedimientos quirúrgicos robotizados</subfield>
   </datafield>
   <datafield ind2="0" ind1="0" tag="245">
      <subfield code="a">Robotic versus laparoscopic right colectomy for nonmetastatic pT4 colon cancer: A European multicentre propensity score-matched analysis</subfield>
   </datafield>
</record></metadata></record></GetRecord></OAI-PMH>